| 000 | 00502nam a2200193 i 4500 | ||
|---|---|---|---|
| 001 | bg | ||
| 100 | 1 |
_aIszkowski, Wacław _d(1949- ). |
|
| 245 | 0 |
_aNauka programowania w języku BASIC dla początkujących / _cWacław Iszkowski. |
|
| 260 |
_aWarszawa : _bWNT, _c1987. |
||
| 490 | 1 | _aMikrokomputery | |
| 650 | 9 | _aBasic | |
| 655 | _aPodręczniki | ||
| 830 | _aMikrokomputery | ||
| 040 | _cBPK | ||
| 041 | _apol | ||
| 080 | _a004.438(07) | ||
| 942 | _cKS | ||
| 008 | s pl f |000 0 pol | ||
| 999 |
_c5125 _d5125 |
||
| 856 |
_uhttp://koha.tu.koszalin.pl/cgi-bin/koha/opac-detail.pl?biblionumber=5125 _yKatalog online BPK |
||